भोजन और स्वस्थ्य / (Record no. 120783)

MARC details
000 -LEADER
fixed length control field 01201nam a22002537a 4500
005 - DATE AND TIME OF LATEST TRANSACTION
control field 20190103145104.0
010 ## - LCCN (DPL NO)
LC control number B-143009, B-143047
020 ## - INTERNATIONAL STANDARD BOOK NUMBER
Terms of availability 150.00
International Standard Book Number 818856401
035 ## - SYSTEM CONTROL NUMBER
System control number B-143009, B-143047, B-143038
037 ## - SOURCE OF ACQUISITION
Source of stock number/acquisition Cen Lib/Ret
082 ## - DEWEY DECIMAL CLASSIFICATION NUMBER
Classification number 613
Item number कीर्तिचै
100 ## - MAIN ENTRY--PERSONAL NAME
Personal name कीर्ति, चैतन्य
245 ## - TITLE STATEMENT
Title भोजन और स्वस्थ्य /
Statement of responsibility, etc चैतन्य कीर्ति
246 ## - VARYING FORM OF TITLE
Title proper/short title Bhojan aur swasthya /
Remainder of title by Kirti Chaitanaya
260 ## - PUBLICATION, DISTRIBUTION, ETC. (IMPRINT)
Place of publication, distribution, etc दिल्ली
Name of publisher, distributor, etc अनमोल साहित्य
Date of publication, distribution, etc 2006
270 ## - ADDRESS
City दिल्ली
Address 1/10781, पंचशील गार्डन, नवीन शाहदरा
Postal code 110032
300 ## - PHYSICAL DESCRIPTION
Extent 111पृ. :
Dimensions 21सेमी (सजिल्द)
Other physical details सचित्र
650 ## - SUBJECT ADDED ENTRY--TOPICAL TERM
Topical term or geographic name as entry element संतुलित आहार -- स्वास्थ्य जीवन
650 ## - SUBJECT ADDED ENTRY--TOPICAL TERM
Topical term or geographic name as entry element भोजन का प्रभाव -- स्वस्थ्य जीवन
650 ## - SUBJECT ADDED ENTRY--TOPICAL TERM
Topical term or geographic name as entry element Balanced diet -- Healthy life
650 ## - SUBJECT ADDED ENTRY--TOPICAL TERM
Topical term or geographic name as entry element The effect of food -- Healthy life
942 ## - ADDED ENTRY ELEMENTS (KOHA)
Source of classification or shelving scheme Dewey Decimal Classification
Item type Hindi Books
Classification part 613
Call number suffix कीर्तिचै
Holdings
Withdrawn status Lost status Not for loan Home library Current library Date acquired Source of acquisition Cost, normal purchase price Full call number Barcode Copy number Cost, replacement price Koha item type Public note Collection code
Written off     Central Library Central Library 28/09/2015 Cen Lib/Ret 150.00 613 कीर्तिचै B-143009 1 150.00 Hindi Books Wid. 2814/24 dtd. 11/07/2022  
      R.C.Libraries (zls) R.C.Libraries (zls) 22/11/2018   150.00 613 कीर्तिचै B-143047 1. 150.00 Hindi Books   Non-fiction
      Shahdara Branch Shahdara Branch 03/01/2019 BPPD/PUB 150.00 613 कीर्तिचै     150.00 Hindi Books   Non-fiction

© Delhi Public Library
Hit Counter
free hit counter